Civilization 6 - DLC Civilizations - Statistics

General Stats
  • This quiz has been taken 21 times
  • The average score is 19 of 33
Answer Stats
Answer % Correct
Indonesia
75%
Khmer
75%
Korea
75%
Nubia
75%
Sweden
75%
Aztec
70%
Byzantium
70%
Canada
70%
Inca
70%
Mongolia
70%
Poland
70%
Zulu
70%
Ethiopia
65%
Gran Colombia
65%
Australia
60%
Cree
60%
Hungary
60%
Mapuche
60%
Maya
60%
Persia
60%
Mali
55%
Netherlands
55%
Ottoman
55%
Babylon
50%
Gaul
50%
Macedon
50%
Māori
50%
Scotland
45%
England (Eleanor of Aquitaine)
35%
France (Eleanor of Aquitaine)
35%
Georgia
35%
India (Chandragupta)
35%
Phoenicia
35%
No matching quizzes found
Score Distribution
Percent of People with Each Score
Percentile by Number Answered
Your Score History
You have not taken this quiz